Hai dị bản lễ hội truyền thống cổ kính - độc đáo Bbâk Akqq Padai - Budhi Atâu ở hai nhánh Raglai Nam và Bắc tỉnh Ninh Thuận

保存先:
書誌詳細
第一著者: Hải, Liên
フォーマット: 図書
言語:Vietnamese
出版事項: Hà Nội Văn hóa Thông tin 2014
主題:
タグ: タグ追加
タグなし, このレコードへの初めてのタグを付けませんか!
Thư viện lưu trữ: Trung tâm Học liệu Lê Vũ Hùng, Trường Đại học Đồng Tháp
LEADER 01078aam a22003258a 4500
001 00032252
005 20171026081025.0
008 140603s2014 ||||||viesd
020 # # |a 978045014783 
041 0 # |a vie 
082 1 4 |a 394.269 597 58  |b H103D 
100 1 # |a Hải, Liên 
245 1 0 |b Bbâk Akqq Padai - Budhi Atâu ở hai nhánh Raglai Nam và Bắc tỉnh Ninh Thuận  |a Hai dị bản lễ hội truyền thống cổ kính - độc đáo  |c Hải Liên 
260 # # |a Hà Nội  |b Văn hóa Thông tin  |c 2014 
300 # # |a 231 tr.  |c 21 cm. 
500 # # |a ĐTTS ghi: Hội Văn nghệ Dân gian Việt Nam 
653 # # |a Dân tộc Raglai 
653 # # |a Văn hóa dân gian 
653 # # |a Việt Nam 
653 # # |a Ninh Thuận 
653 # # |a Lễ hội cổ truyền 
852 # # |j KD.0015835 
852 # # |b Kho đọc  |j KD.0015835 
910 |d 3/6/2014 
980 # # |a Trung tâm Học liệu Lê Vũ Hùng, Trường Đại học Đồng Tháp